| 000 | 00659cam a22002294a 4500 | ||
|---|---|---|---|
| 001 | sa 64008915 | ||
| 003 | DLC | ||
| 005 | 20260227112057.0 | ||
| 008 | 940602s1963 ii a 000 1 beno | ||
| 010 | _asa 64008915 | ||
| 025 | _aPL480:EP-B-590 | ||
| 035 | _a(OCoLC)30538495 | ||
| 040 |
_aDLC _cDLC |
||
| 050 | 0 | 0 |
_aPZ90.B4 _bR24 1963 |
| 100 | 1 |
_aRahamāna, Hābibura, _d1926-1976. |
|
| 245 | 1 | 0 |
_aBane-bādāṛe / _cHabībura Rahamāna. |
| 246 | 1 |
_iTitle on t.p. verso: _aBone-badarhe |
|
| 260 |
_aḌhākā : _bSāiniṃ Buka Ejansī, _c1963. |
||
| 300 |
_a66 p. : _bill. ; _c21 cm. |
||
| 546 | _aIn Bengali. | ||
| 650 | 0 | _aChildren's stories, Bengali. | |
| 999 |
_c61113 _d61113 |
||